000 01116cam a2200301 a 4500
999 _c526260
_d526260
001 11815354
003 NUST
005 20190710054802.0
008 991020s2000 caua b 001 0 eng
010 _a 99068192
020 _a0126363757 (acidfree paper)
038 _aASAB
040 _aDLC
_cDLC
_dDLC
050 0 0 _aQE471
_b.S426 2000
082 0 0 _a552/.5
_221
100 1 _aSelley, Richard C.,
_d1939-
_92394
245 1 0 _aApplied sedimentology /
_cRichard C. Selley.
250 _a2nd ed.
260 _aSan Diego :
_bAcademic Press,
_cc2000.
300 _ax, 523 p. :
_bill. (some col.) ;
_c24 cm.
504 _aIncludes bibliographical references and index.
650 0 _aSedimentology.
_92395
856 4 1 _3Table of contents
_uhttp://www.loc.gov/catdir/toc/els033/99068192.html
856 4 2 _3Publisher description
_uhttp://www.loc.gov/catdir/description/els033/99068192.html
906 _a7
_bcbc
_corignew
_d2
_eepcn
_f19
_gy-gencatlg
942 _2ddc
_cBK